El perfil del hombre : y el cultura en Mexico.

Gespeichert in:
Bibliographische Detailangaben
1. Verfasser: Ramos, Samuel
Format: Buch
Sprache:Spanish
Veröffentlicht: Mexico : Espasa-Calpe, 1968.
Ausgabe:4a ed.
Schlagworte:
LEADER 00897nam a22002411 4500
001 c000195731
003 CARM
005 20021125001700.0
008 851003s1968 mx 0 spa d
019 1 |a 3972415  |5 LACONCORD2021 
035 |a (OCoLC)216905459  |5 LACONCORD2021 
100 1 |a Ramos, Samuel. 
245 1 3 |a El perfil del hombre :  |b y el cultura en Mexico. 
250 |a 4a ed. 
260 |a Mexico :  |b Espasa-Calpe,  |c 1968. 
500 |a Pub. in English as the author's Profile of man and culture in Mexico. 
650 0 |a National characteristics, Mexican. 
651 0 |a Mexico  |x Civilization. 
651 0 |a Mexico  |y Intellectual Life. 
852 8 |b CARM  |h A2:AL10A0  |i A03359  |p 0299922  |f BK 
082 0 4 |a 917.2 
999 f f |i d94f8aa3-5edc-54b8-b9f9-f0b669578ebf  |s 08cf0ee4-2eaa-5116-8d7a-104ef45da45f 
952 f f |p Can circulate  |a CAVAL  |b CAVAL  |c CAVAL  |d CARM 1 Store  |e A03359  |f A2:AL10A0  |h Other scheme  |i book  |m 0299922